|
|
|
|
| LEADER |
00000nam2a2200000 4500 |
| 001 |
46602 |
| 005 |
20231101211029.0 |
| 035 |
|
|
|a (RuTPU)RU\TPU\book\48648
|
| 090 |
|
|
|a 46602
|
| 100 |
|
|
|a 20030123d1978 k y0rusy50 ca
|
| 101 |
1 |
|
|a rus
|c eng
|
| 102 |
|
|
|a RU
|
| 105 |
|
|
|a a z 001zy
|
| 200 |
0 |
|
|a Т. 3
|
| 210 |
|
|
|d 1978
|
| 215 |
|
|
|a 428 с.
|c ил.
|
| 320 |
|
|
|a Библиогр. в коце глав.
|
| 461 |
|
1 |
|0 (RuTPU)RU\TPU\book\48639
|t Жидкостная колоночная хроматография
|o Пер. с англ.
|f Под ред. З. Дейла, К. Мацека, Я. Янака
|v Т. 3
|d 1978-
|
| 606 |
1 |
|
|a Хроматография жидкостная
|2 stltpush
|3 (RuTPU)RU\TPU\subj\73824
|9 86581
|
| 606 |
1 |
|
|a Хроматография колоночная
|2 stltpush
|3 (RuTPU)RU\TPU\subj\73844
|9 86590
|
| 610 |
1 |
|
|a химия
|
| 610 |
1 |
|
|a жидкостная колоночная хроматография
|
| 610 |
1 |
|
|a ферменты
|
| 610 |
1 |
|
|a нуклеозиды
|
| 610 |
1 |
|
|a нуклеотиды
|
| 610 |
1 |
|
|a нуклеиновые кислоты
|
| 610 |
1 |
|
|a алкалоиды
|
| 610 |
1 |
|
|a гетероциклические соединения
|
| 610 |
1 |
|
|a сера
|
| 610 |
1 |
|
|a фосфор
|
| 610 |
1 |
|
|a бор
|
| 610 |
1 |
|
|a соединения
|
| 610 |
1 |
|
|a витамины
|
| 610 |
1 |
|
|a антибиотики
|
| 610 |
1 |
|
|a пестициды
|
| 610 |
1 |
|
|a синтетические красители
|
| 610 |
1 |
|
|a пигменты
|
| 610 |
1 |
|
|a полимеры
|
| 610 |
1 |
|
|a пластмассы
|
| 610 |
1 |
|
|a клетки
|
| 610 |
1 |
|
|a субклеточные частицы
|
| 610 |
1 |
|
|a неорганические соединения
|
| 610 |
1 |
|
|a координационные соединения
|
| 610 |
1 |
|
|a металлорганические соединения
|
| 610 |
1 |
|
|a изотопы
|
| 610 |
1 |
|
|a радиоактивные соединения
|
| 610 |
1 |
|
|a лекарственные препараты
|
| 675 |
|
|
|a 543.544.5
|v 3
|
| 675 |
|
|
|a 543.544.9
|v 3
|
| 801 |
|
1 |
|a RU
|b 63413507
|c 20030123
|g PSBO
|
| 801 |
|
2 |
|a RU
|b 63413507
|c 20141225
|g PSBO
|
| 942 |
|
|
|c BK
|